000 00595nam a2200193 4500
001 136352
003 ES-MaACL
005 20230906195111.0
007 t|
008 070214s1967 sp r ||||1| spa d
100 1 _aRunes, Dagobert D.
_9100998
245 1 0 _aHistoria ilustrada de la Filosofía /
_cDagobert D. Runes ; [traducido por J. C. García Borrón].
250 _a1ª ed.
260 _aBarcelona [etc.] :
_bGrijalbo,
_c1967.
300 _aXII, 406 p. :
_bil. ;
_c29 cm.
700 1 _aGarcía Borrón, J. C.
_9184353
852 _aES-MaACL
_jC-31472
_bR.61481
999 _c136352
_d136352